Alabama Representatives by Picture - Statistics

General Stats
  • This quiz has been taken 7 times
  • The average score is 4 of 7
Answer Stats
Picture Hint Answer % Correct
(D AL-7) Terri Sewell
100%
(R AL-1) Bradley Byrne
60%
(R AL-2) Martha Roby
60%
(R AL-5) Mo Brooks
60%
(R AL-4) Robert Aderholt
60%
(R AL-6) Gary Palmer
40%
(R AL-3) Mike Rogers
20%
No matching quizzes found
Score Distribution
Percent of People with Each Score
Percentile by Number Answered
Your Score History
You have not taken this quiz